Todos os Pokémon com a letra C - Statistics

Estatísticas Gerais
  • Esse quiz foi jogado 20 vezes
  • A pontuação média é 17 de 86
Estatísticas das Respostas
Pokémon % Correto
Charizard
89%
Charmander
79%
Charmeleon
79%
Caterpie
74%
Cleffa
58%
Clefairy
53%
Cubone
53%
Chansey
47%
Clefable
47%
Cyndaquil
42%
Chimchar
37%
Ceruledge
32%
Crobat
32%
Camerupt
26%
Chandelure
26%
Chespin
26%
Chingling
26%
Cloyster
26%
Corsola
26%
Cottonee
26%
Cresselia
26%
Cacnea
21%
Carbink
21%
Celebi
21%
Charcadet
21%
Charjabug
21%
Chesnaught
21%
Chikorita
21%
Chinchou
21%
Coalossal
21%
Combusken
21%
Croconaw
21%
Calyrex
16%
Carnivine
16%
Celesteela
16%
Chimecho
16%
Cinderace
16%
Cofagrigus
16%
Corviknight
16%
Corvisquire
16%
Crabominable
16%
Cranidos
16%
Crawdaunt
16%
Croagunk
16%
Cryogonal
16%
Cursola
16%
Cacturne
11%
Carkol
11%
Carracosta
11%
Carvanha
11%
Cascoon
11%
Chatot
11%
Chien-Pao
11%
Chi-Yu
11%
Clamperl
11%
Clauncher
11%
Cobalion
11%
Combee
11%
Conkeldurr
11%
Corphish
11%
Cosmoem
11%
Cosmog
11%
Crocalor
11%
Cubchoo
11%
Capsakid
5%
Castform
5%
Centiskorch
5%
Cetitan
5%
Cetoddle
5%
Cherrim
5%
Cherubi
5%
Chewtle
5%
Cinccino
5%
Clawitzer
5%
Claydol
5%
Clobbopus
5%
Clodsire
5%
Comfey
5%
Copperajah
5%
Crabrawler
5%
Cradily
5%
Cramorant
5%
Crustle
5%
Cufant
5%
Cutiefly
5%
Cyclizar
5%
Nenhum quiz correspondente encontrado
Distribuição das Pontuações
Porcentagem de Pessoas com Cada Pontuação
Percentil de Números Respondidos
Sua Pontuação Histórica
Você não jogou esse quiz